000 00740nam a2200205 i 4500
001 49379
003 ES-MaACL
005 20230906161936.0
007 t|
008 030715s1981 sp ||||1| spa d
100 1 _aCortina Iceta, Juan Luis.
_940947
245 1 3 _aEl siglo XVIII en la preilustración salmantina
_b: vida y pensamiento de Luis de Losada (1681-1748) /
_cJuan Luis Cortina Iceta.
260 _aZamora :
_b[Instituto Enrique Flórez],
_c1981.
300 _aXXIII, 770 p. ;
_c24 cm.
490 1 _aMonografías de historia eclesiástica ;
_v11
830 0 _aMonografías de historia eclesiástica ;
_v11
_9184367
852 _aES-MaACL
_jL-1929
_bR.103105
852 _aES-MaACL
_jL-2971
_bR.103913
999 _c49379
_d49379